|
|
|
|
| LEADER |
03122nam a22005175i 4500 |
| 001 |
978-3-662-43989-0 |
| 003 |
DE-He213 |
| 005 |
20151204182108.0 |
| 007 |
cr nn 008mamaa |
| 008 |
141015s2014 gw | s |||| 0|eng d |
| 020 |
|
|
|a 9783662439890
|9 978-3-662-43989-0
|
| 024 |
7 |
|
|a 10.1007/978-3-662-43989-0
|2 doi
|
| 040 |
|
|
|d GrThAP
|
| 050 |
|
4 |
|a QA76.9.U83
|
| 050 |
|
4 |
|a QA76.9.H85
|
| 072 |
|
7 |
|a UYZG
|2 bicssc
|
| 072 |
|
7 |
|a COM070000
|2 bisacsh
|
| 082 |
0 |
4 |
|a 005.437
|2 23
|
| 082 |
0 |
4 |
|a 4.019
|2 23
|
| 100 |
1 |
|
|a Richter, Michael.
|e author.
|
| 245 |
1 |
0 |
|a User-Centred Engineering
|h [electronic resource] :
|b Creating Products for Humans /
|c by Michael Richter, Markus Flückiger.
|
| 264 |
|
1 |
|a Berlin, Heidelberg :
|b Springer Berlin Heidelberg :
|b Imprint: Springer,
|c 2014.
|
| 300 |
|
|
|a VIII, 136 p. 45 illus.
|b online resource.
|
| 336 |
|
|
|a text
|b txt
|2 rdacontent
|
| 337 |
|
|
|a computer
|b c
|2 rdamedia
|
| 338 |
|
|
|a online resource
|b cr
|2 rdacarrier
|
| 347 |
|
|
|a text file
|b PDF
|2 rda
|
| 505 |
0 |
|
|a Foreword -- Introduction -- A user-centred process -- The 7±2 most important user-centred techniques -- Getting a handle on UX – planning -- A user-oriented strategy: company-wide UX -- That‘s life – examples from actual practice.
|
| 520 |
|
|
|a A new product can be easy or difficult to use, it can be efficient or cumbersome, engaging or dispiriting, it can support the way we work and think – or not. What options are available for systematically addressing such parameters and provide users with an appropriate functionality, usability and experience? In the last decades, several fields have evolved that encompass a user-centred approach to create better products for the people who use them. This book provides a comprehensible introduction to the subject. It is aimed first and foremost at people involved in software and product development – product managers, project managers, consultants and analysts, who face the major challenge of developing highly useful and usable products. Topics include: The most important user-centred techniques and their alignment in the development process Planning examples of user-centred activities for projects User-oriented approaches for organisations Real-life case studies Checklists, tips and a lot of background information provide help for practitioners.
|
| 650 |
|
0 |
|a Computer science.
|
| 650 |
|
0 |
|a Computer organization.
|
| 650 |
|
0 |
|a Software engineering.
|
| 650 |
|
0 |
|a User interfaces (Computer systems).
|
| 650 |
|
0 |
|a Management information systems.
|
| 650 |
1 |
4 |
|a Computer Science.
|
| 650 |
2 |
4 |
|a User Interfaces and Human Computer Interaction.
|
| 650 |
2 |
4 |
|a Software Engineering.
|
| 650 |
2 |
4 |
|a Computer Systems Organization and Communication Networks.
|
| 650 |
2 |
4 |
|a Management of Computing and Information Systems.
|
| 700 |
1 |
|
|a Flückiger, Markus.
|e author.
|
| 710 |
2 |
|
|a SpringerLink (Online service)
|
| 773 |
0 |
|
|t Springer eBooks
|
| 776 |
0 |
8 |
|i Printed edition:
|z 9783662439883
|
| 856 |
4 |
0 |
|u http://dx.doi.org/10.1007/978-3-662-43989-0
|z Full Text via HEAL-Link
|
| 912 |
|
|
|a ZDB-2-SCS
|
| 950 |
|
|
|a Computer Science (Springer-11645)
|